LEADER 01286nam a2200277 4500 001 000000345985 003 CaOOAMICUS 005 20210513121251.0 008 210513s2006 it a 000 u ita r 020 $a88-382-3995-9 040 $aSeMil$bita 100 1 $aDe Carli, Cecilia,$d<1948- >.$0(OLS)http://semarc/name/20610 245 10$aCollezione Arte e Spiritualitą Brescia :$bcatalogo generale : la pittura /$cCecilia De Carli. 246 08$aArte e spiritualitą :$bla pittura 264 1$aRoma :$bStudium,$c2006. 300 $a495 p. :$bill. ;$c28 cm 650 4$aBrescia - Associazione arte e spiritualitą - Collezioni.$0(OLS)http://semarc/subject/18909 710 0 $aAssociazione Arte e Spiritualitą.$0(OLS)http://semarc/name/45281 850 $aSeMil 852 $aSeMil$W1$xVenegono$y1$m5F X 101$j226202$B237026$CSeMilBibl$Z2$F237026 $81 961 $aMagni don Walter - Omaggio 996 $6020$a88-382-3995-9$9(OLS)http://semarc/number/293202 996 $6245$aCollezione Arte e Spiritualitą Brescia :$bcatalogo generale : la pittura$9(OLS)http://semarc/title/435175 996 $6246$aArte e spiritualitą :$bla pittura$9(OLS)http://semarc/title/435174 996 $6264$aRoma :$bStudium$9(OLS)http://semarc/publisher/29617 LEADER 01593nam a2200325 i 4500 001 000000026762 003 CaOOAMICUS 005 20230320144014.0 008 180830s1819 ne u000 u lat u 040 $aSeMil$bita 100 0 $aEuripides,$d<485-406 a.C.>.$0(OLS)http://semarc/name/979 245 10$aEuripidis Tragoediae ... ex nova recognitione Aug. Matthiae. 250 $aNova editio accurata in usum praelectionum academicarum et scholarum 264 1$aLugduni Batavorum :$bapud S. et J. Luchtmans ;$aLipsiae :$bsumptibus Io. A. G. Weigelii,$c1819. 300 $a3 v. ;$c8°. 490 1 $aBibliotheca classica poetarum graecorum ;$v12-14 700 1 $aMatthiae, August Heinrich.$0(OLS)http://semarc/name/12104 700 1 $aWeigel, Johann August Gottlob,$c.$0(OLS)http://semarc/name/12105 700 1 $aLuchtmans, Johannes,$c.$0(OLS)http://semarc/name/12083 700 1 $aLuchtmans, Samuel$b<3.,$cEditore,$d1781-1823>.$0(OLS)http://semarc/name/12106 774 0 $tTomus 1.$w()213224 774 0 $tTomus 2.$w()213225 774 0 $tTomus 3.$w()213226 830 0$aBibliotheca classica poetarum graecorum ;$v12-14.$0(OLS)http://semarc/title/36148 900 1 $aEuripide. 996 $6245$aEuripidis Tragoediae ... ex nova recognitione Aug. Matthiae$9(OLS)http://semarc/title/36149 996 $6264$aLugduni Batavorum :$bapud S. et J. Luchtmans$9(OLS)http://semarc/publisher/36953 996 $6264$aLipsiae :$bsumptibus Io. A. G. Weigelii$9(OLS)http://semarc/publisher/36954